Skąd pochodzili Polscy królowie? - Statystyki

Ogólne statystyki
  • Ten quiz został rozwiązany 417 razy
  • Średni wynik to 9 z 13
Statystyki odpowiedzi
Liczba królów Państwo % Poprawnych
5 Niemcy
95%
7 Polska
94%
1 Węgry
94%
2 Litwa
93%
1 Rosja
93%
1 Czechy
88%
2 Francja
88%
8 Austria
69%
1 Słowacja
62%
1 Włochy
53%
1 Białoruś
47%
1 Słowenia
18%
1 Bośnia i Hercegowina
8%
Nie znaleziono quizów pasujących do podanych kryteriów
Rozkład punktacji
Procent ludzi z każdym wynikiem
Percentyl według liczby udzielonych odpowiedzi
Twoja historia wyników
Nie rozwiązałeś tego quizu